MARC

LEADER 00000nam2a2200000 4500
001 53235
005 20231101211419.0
035 |a (RuTPU)RU\TPU\book\55823 
090 |a 53235 
100 |a 20030617d1959 m y0rusy50 ca 
101 0 |a rus 
102 |a RU 
105 |a a j 001zy 
200 0 |a Т. 1: Основы теории, расчет и конструирование  |f Б. Л. Безносов, С. С. Городецкий, И. И. Гроднев и др.  |g Под ред. В. А. Привезенцева, А. В. Линкова 
210 |d 1959 
215 |a 560 с.  |c ил. 
320 |a Алфавитный указатель: с. 559-560 
461 1 |0 (RuTPU)RU\TPU\book\55811  |t Кабели и провода  |o Учебное пособие для техникумов  |v Т. 1: Основы теории, расчет и конструирование  |d 1959-1964 
606 1 |a Кабельная техника  |2 stltpush  |3 (RuTPU)RU\TPU\subj\13410  |9 40021 
610 1 |a кабельная техника 
610 1 |a кабели 
610 1 |a провода 
610 1 |a кабели силовые 
610 1 |a кабельные муфты 
610 1 |a электрический расчет 
610 1 |a тепловой расчет 
610 1 |a изоляция 
610 1 |a конструкция 
610 1 |a теория 
610 1 |a радиочастотные кабели 
610 1 |a коаксиальные кабели 
610 1 |a связь 
610 1 |a обмоточные провода 
610 1 |a маркировка 
610 1 |a учебные пособия 
675 |a 621.315.2.002(075.32)  |v 3 
701 1 |a Безносов  |b Б. Л.  |g Борис Львович 
701 1 |a Городецкий  |b С. С.  |g Сергей Сергеевич 
701 1 |a Гроднев  |b И. И.  |g Игорь Измайлович 
701 1 |a Линков  |b А. В.  |g Александр Владимирович 
701 1 |a Любимов  |b К. А.  |g Константин Александрович 
701 1 |a Мачерет  |b Л. И.  |g Лев Ильич 
701 1 |a Привезенцев  |b В. А.  |g Владимир Алексеевич 
702 1 |a Привезенцев  |b В. А.  |g Владимир Алексеевич  |4 340 
702 1 |a Линков  |b А. В.  |g Александр Владимирович  |4 340 
801 1 |a RU  |b 63413507  |c 20030617  |g PSBO 
801 2 |a RU  |b 63413507  |c 20210304  |g PSBO 
942 |c BK